000 00822 a2200229 4500
005 20080908145252.0
008 080908t xxu||||| |||| 00| 0 eng d
010 _aENG-87652
020 _a0070659826
_c299.00
035 _aEN-71185
037 _bDBAD / PUB
082 _a658.421
100 _aSugars, Bradley J.
245 _aBillionaire in training
_cBradley J. Sugars
260 _aNew Delhi
_bTata McGraw-Hill Publishing
_c2007.
300 _axx, 145 p.
_bill.
_c23 cm.
490 _aInstant success series
650 _aSuccess in business.
650 _aEntrepreneurship.
942 _adpl
_cEN
_k658.421 / SUG
_2ddc
_h658.421
_mSUG
999 _c6791
_d6791